INFORMATION SERVICES TODAY; AN INTRODUCTION (Record no. 215958)

MARC details
000 -LEADER
fixed length control field 00452nam a22001697a 4500
008 - FIXED-LENGTH DATA ELEMENTS--GENERAL INFORMATION
fixed length control field 250724b |||||||| |||| 00| 0 eng d
020 ## - INTERNATIONAL STANDARD BOOK NUMBER
International Standard Book Number 978-1-5381-5670-4
100 ## - MAIN ENTRY--PERSONAL NAME
Personal name HIRSH SANDRA
245 ## - TITLE STATEMENT
Title INFORMATION SERVICES TODAY; AN INTRODUCTION
250 ## - EDITION STATEMENT
Edition statement 3RD ED.
260 ## - PUBLICATION, DISTRIBUTION, ETC.
Place of publication, distribution, etc. NEW YORK
Name of publisher, distributor, etc. ROWMAN & LITTLEFIELLD
Date of publication, distribution, etc. 2022
300 ## - PHYSICAL DESCRIPTION
Extent XXXVI,636P.
500 ## - GENERAL NOTE
General note INCLUDES AN INDEX
650 ## - SUBJECT ADDED ENTRY
Topical term or geographic name entry element LIBRARIES
942 ## - ADDED ENTRY ELEMENTS (KOHA)
Source of classification or shelving scheme Library of Congress Classification
Koha item type Long Loan Book
Holdings
Withdrawn status Lost status Source of classification or shelving scheme Damaged status Not for loan Collection Home library Current library Shelving location Date acquired Inventory number Total checkouts Full call number Barcode Date last seen Copy number Price effective from Koha item type Date last checked out
    Library of Congress Classification     Science & Technology Kisii University Library Kisii University Library On Display 07/24/2025 109331   Z 678 .I54 2022 000000024385 07/24/2025 1 07/24/2025 Long Loan Book  
    Library of Congress Classification     Science & Technology Kisii University Library Kisii University Library On Display 07/24/2025 109332   Z 678 .I54 2022 000000024384 07/24/2025 3 07/24/2025 Long Loan Book  
    Library of Congress Classification     Science & Technology Kisii University Library Kisii University Library On Display 07/24/2025 109333   Z 678 .I54 2022 000000024383 07/24/2025 4 07/24/2025 Long Loan Book  
    Library of Congress Classification     Science & Technology Kisii University Library Kisii University Library On Display 07/24/2025 109334 1 Z 678 .I54 2022 000000024382 03/19/2026 5 07/24/2025 Long Loan Book 03/03/2026
    Library of Congress Classification     Science & Technology Kisii University Library Kisii University Library On Display 07/31/2025 109395 1 Z 678 .I54 2022 000000024369 04/08/2026 2 07/31/2025 Long Loan Book 02/03/2026